Система контроля загазованности EXFIRE 360; Энергетика, электромеханика и энергоэффективные технологии глазами молодежи; Т. 1

Dades bibliogràfiques
Parent link:Энергетика, электромеханика и энергоэффективные технологии глазами молодежи: материалы IV российской молодежной научной школы-конференции, 1-3 ноября 2016 г., Томск/ Национальный исследовательский Томский политехнический университет (ТПУ).— , 2016
Т. 1.— 2016.— [С. 57-59]
Autor principal: Ваземиллер Э. В.
Autor corporatiu: Национальный исследовательский Томский политехнический университет (ТПУ)
Sumari:Заглавие с титульного экрана
Idioma:rus
Publicat: 2016
Col·lecció:Энергоэффективные технологии в электромеханике
Matèries:
Accés en línia:http://earchive.tpu.ru/handle/11683/33799
Format: MixedMaterials Electrònic Capítol de llibre
KOHA link:https://koha.lib.tpu.ru/cgi-bin/koha/opac-detail.pl?biblionumber=621004

MARC

LEADER 00000naa2a2200000 4500
001 621004
005 20231101133135.0
035 |a (RuTPU)RU\TPU\conf\19560 
035 |a RU\TPU\conf\19556 
090 |a 621004 
100 |a 20161117d2016 k y0rusy50 ca 
101 0 |a rus  |e rus 
102 |a RU 
105 |a y z 101zy 
135 |a drcn ---uucaa 
181 0 |a i  
182 0 |a b 
200 1 |a Система контроля загазованности EXFIRE 360  |f Э. В. Ваземиллер 
203 |a Текст  |c электронный 
225 1 |a Энергоэффективные технологии в электромеханике 
230 |a 1 компьютерный файл (pdf; 353 Kb) 
300 |a Заглавие с титульного экрана 
320 |a [Библиогр.: с. 59 (3 назв.)] 
461 1 |0 (RuTPU)RU\TPU\conf\19553  |t Энергетика, электромеханика и энергоэффективные технологии глазами молодежи  |o материалы IV российской молодежной научной школы-конференции, 1-3 ноября 2016 г., Томск  |o в 2 т.  |f Национальный исследовательский Томский политехнический университет (ТПУ)  |d 2016 
463 0 |0 (RuTPU)RU\TPU\conf\19554  |t Т. 1  |v [С. 57-59]  |d 2016 
610 1 |a труды учёных ТПУ 
610 1 |a электронный ресурс 
610 1 |a загазованность 
610 1 |a пожары 
610 1 |a пожаротушения 
610 1 |a системы контроля 
700 1 |a Ваземиллер  |b Э. В. 
712 0 2 |a Национальный исследовательский Томский политехнический университет (ТПУ)  |c (2009- )  |2 stltpush  |3 (RuTPU)RU\TPU\col\15902 
801 2 |a RU  |b 63413507  |c 20161125  |g RCR 
856 4 |u http://earchive.tpu.ru/handle/11683/33799 
942 |c BK